000 00298nam a2200109Ia 4500
008 190216s9999||||xx |||||||||||||| ||und||
100 _aReddy P N & Gulshan Ss
245 0 _aPrinciples Of Business Organisation And Management
260 _bSulthan Chand&Sons
_c1986
300 _a607p
942 _cBK
999 _c5355
_d5355